000 01223nam a22004690a 4500
001 PT59304
003 AR-LpoUNG
005 20210131231922.0
008 191001s2016||||ag |||||||||||||||||spa d
020 _a9789500754620
_c$12,50
040 _aAR-LpoUNG
_bspa
_cAR-LpoUNG
_eaacr
041 _aspa
044 _aag
082 0 _a982.063 644oes
100 1 _aNicolini, Fernanda
245 1 4 _aLos Oesterheld
250 _a1ra. ed.
260 _aBuenos Aires :
_bSudamericana,
_c2016.
300 _a411 p. :
_bfot.
505 0 _aEl ítem S00063884 corresponde a la 2da. edición.
650 4 _aANALISIS SOCIOLOGICO
650 4 _aARGENTINA
650 4 _aBIOGRAFIAS
650 4 _aCONFLICTOS POLITICOS
650 4 _aDICTADURA
650 4 _aGOBIERNO MILITAR
650 4 _aGUERRILLEROS
650 4 _aHISTORIA POLITICA
650 4 _aHISTORIA SOCIAL
650 4 _aIDEOLOGIAS POLITICAS
650 4 _aOPOSICION POLITICA
653 _aDESAPARECIDOS
653 _aFAR
653 _aFUERZAS ARMADAS REVOLUCIONARIAS
653 _aHISTORIETAS
653 _aMONTONEROS
653 _aPERON, JUAN DOMINGO
653 _aPERONISMO
700 1 _aBeltrami, Alicia
905 _a59304
942 _cLIB
999 _c12595
_d12595